<?xml version="1.0" encoding="UTF-8"?>
<marc:record xmlns:marc="http://www.loc.gov/MARC21/slim">
   <marc:leader>00000nam a2200000 a 4500</marc:leader>
   <marc:datafield ind1="1" ind2=" " tag="100">
      <marc:subfield code="a">Lauzemis, Lena</marc:subfield>
   </marc:datafield>
   <marc:datafield ind1="1" ind2=" " tag="100">
      <marc:subfield code="a">Thate, Hilmar</marc:subfield>
   </marc:datafield>
   <marc:datafield ind1="1" ind2=" " tag="100">
      <marc:subfield code="a">Brückner, Jutta</marc:subfield>
   </marc:datafield>
   <marc:datafield ind1="0" ind2="0" tag="245">
      <marc:subfield code="a">Hitlerkantate [Bildtonträger]</marc:subfield>
   </marc:datafield>
   <marc:datafield ind1="0" ind2="0" tag="245">
      <marc:subfield code="c">ein Film von Jutta Brückner. Mit Hilmar Thate, Lena Lauzemis ...</marc:subfield>
   </marc:datafield>
   <marc:datafield ind1=" " ind2="1" tag="264">
      <marc:subfield code="b">absolut Medien GmbH</marc:subfield>
      <marc:subfield code="c">2017</marc:subfield>
   </marc:datafield>
   <marc:datafield ind1="1" ind2=" " tag="520">
      <marc:subfield code="a">Berlin im Jahr 1938: Die 22-jährige Ursula hat zwei Leidenschaften in ihrem Leben: die Musik - und die Liebe zum "Führer". Sie will ihm zuliebe eine berühmte Komponistin werden. Doch an der Musikhochschule wird sie abgelehnt, weil sie eine Frau ist. Über ihren Verlobten Gottlieb erlangt sie die Möglichkeit, als Assistentin für den berühmten Komponisten Hans Broch zu arbeiten. Der hat gegen seine Überzeugung den Auftrag angenommen, eine Kantate für den 50.ten Geburtstag Hitlers zu komponieren...</marc:subfield>
   </marc:datafield>
   <marc:datafield ind1=" " ind2=" " tag="020">
      <marc:subfield code="a">9783848870110</marc:subfield>
      <marc:subfield code="9">9783848870110</marc:subfield>
   </marc:datafield>
   <marc:datafield ind1=" " ind2=" " tag="020">
      <marc:subfield code="a">3848870118</marc:subfield>
      <marc:subfield code="9">3848870118</marc:subfield>
   </marc:datafield>
   <marc:datafield ind1=" " ind2=" " tag="500">
      <marc:subfield code="a">Orig. : Deutschland 2006. Sprache: Deutsch (Dolby Surround). Untertitel: Englisch</marc:subfield>
   </marc:datafield>
   <marc:datafield ind1="0" ind2=" " tag="490">
      <marc:subfield code="v">0</marc:subfield>
   </marc:datafield>
   <marc:datafield ind1=" " ind2=" " tag="300">
      <marc:subfield code="a">1 DVD (114 Min.) : farbig</marc:subfield>
   </marc:datafield>
</marc:record>
